| 000 | 00619nam a2200265Ia 4500 | ||
|---|---|---|---|
| 005 | 20260324153234.0 | ||
| 008 | 008 260324s9999 xx 000 0 eng d | ||
| 020 | _a9780128012888 | ||
| 037 | _aEBOOK | ||
| 040 | _aCRL | ||
| 040 | _beng | ||
| 040 | _cCRL | ||
| 041 | _2eng | ||
| 041 | _aeng | ||
| 084 | _qCRL | ||
| 100 |
_aFord, Julian D _9871156 |
||
| 245 | 0 | _aPosttraumatic Stress Disorder | |
| 260 | _bElsevier | ||
| 260 | _c2015 | ||
| 650 | _aPsychology | ||
| 856 | _uhttps://www.sciencedirect.com/science/book/9780128012888 | ||
| 942 | _cEBOOK | ||
| 999 |
_c1842284 _d1842284 |
||